000 00851 a2200265 4500
005 20260413161640.0
008 260413b |||||||| |||| 00| 0 eng d
020 _a978-1-03-267444-5
037 _cTB
040 _aCRL
_cCRL
041 _2eng
_aeng
084 _aO111:g(P:795) R5
_qCRL
245 _aTranslation classics in context
260 _aLondon, UK:
_bRoutledge,
_c2025.
300 _a236p.
365 _b38.99
_cINR
650 _aTranaslation and interpretation
_91234766
650 _aEnglish Literature
650 _aLinguistics
700 _aBandia, Paul F.
_eEditor,
_91234767
700 _aHadley, James
_eEditor,
_91234768
700 _aMcelduff, Siobhan
_eEditor,
_91234769
942 _cTB
_2CC
_hO111:g(P:795) R5
999 _c1678688
_d1678688